[Event "Mecklenburg VP-ch U18"]
[Site "Malchow"]
[Date "2010.02.??"]
[Round "7.1"]
[White "Kugler, Florian"]
[Black "Vu, Uyen My"]
[Result "1-0"]
[WhiteElo "2073"]
[BlackElo "971"]
[PlyCount "31"]
[EventDate "2010.02.10"]
[EventType "swiss"]
[EventRounds "7"]
[EventCountry "GER"]
[SourceTitle "EXT 2022"]
[Source "ChessBase"]
[SourceDate "2021.10.06"]
[SourceVersion "1"]
[SourceVersionDate "2021.10.06"]
[SourceQuality "1"]

1. Nf3 Nc6 2. g3 e5 3. d3 Nf6 4. Bg2 d5 5. 0-0 Bd6 6. c3 d4 7. b4 Be7 8. b5 Na5 9. Qa4 b6 10. Nxe5 Bb7 11. Bxb7 Nxb7 12. Nc6 Qd7 13. Qxd4 Qxd4 14. cxd4 0-0 15. Nxe7+ Kh8 16. e4 1-0

[Event "GER-chT U20 Girls "]
[Site "Chemnitz"]
[Date "2009.12.27"]
[Round "2.4"]
[White "Heym, Stephanie"]
[Black "Vu, Uyen My"]
[Result "0-1"]
[WhiteElo "1116"]
[BlackElo "970"]
[PlyCount "67"]
[EventDate "2009.12.27"]
[EventType "team-swiss"]
[EventRounds "7"]
[EventCountry "GER"]
[SourceTitle "EXT 2022"]
[Source "ChessBase"]
[SourceDate "2021.10.06"]
[SourceVersion "1"]
[SourceVersionDate "2021.10.06"]
[SourceQuality "1"]
[WhiteTeam "Fichtelgebirge U20 Girls"]
[BlackTeam "Gryps SV U20 Girls"]
[WhiteTeamCountry "GER"]
[BlackTeamCountry "GER"]

1. e4 e5 2. f4 f6 3. Nf3 Nc6 4. Bc4 Bc5 5. d3 Nge7 6. Nc3 d6 7. h3 Ng6 8. Ne2 Bd7 9. d4 exd4 10. Nexd4 Nxd4 11. Nxd4 Qe7 12. Be3 Qxe4 13. Qd3 Qxd3 14. Bxd3 Nxf4 15. 0-0 Nxd3 16. cxd3 Bxd4 17. Bxd4 0-0-0 18. Bxa7 b6 19. Rac1 Kb7 20. Rf4 c5 21. Bxb6 Kxb6 22. d4 Be6 23. dxc5+ dxc5 24. a3 Ra8 25. b4 Rhc8 26. bxc5+ Rxc5 27. Rb1+ Kc7 28. a4 Bd7 29. Rh4 h6 30. Rhb4 Bc6 31. Ra1 Rca5 32. Rc4 Rxa4 33. Rac1 Rxc4 34. Rxc4 0-1

[Event "Mecklenburg VP-ch U16"]
[Site "Malchow"]
[Date "2009.02.08"]
[Round "3.6"]
[White "Celmer, Ole"]
[Black "Vu, Uyen My"]
[Result "1-0"]
[WhiteElo "1441"]
[BlackElo "1085"]
[PlyCount "59"]
[EventDate "2009.02.07"]
[EventType "swiss"]
[EventRounds "7"]
[EventCountry "GER"]
[SourceTitle "EXT 2022"]
[Source "ChessBase"]
[SourceDate "2021.10.06"]
[SourceVersion "1"]
[SourceVersionDate "2021.10.06"]
[SourceQuality "1"]

1. e4 e5 2. Nf3 Nc6 3. Bc4 Nf6 4. Ng5 d5 5. exd5 Nd4 6. d3 b5 7. Bb3 Nxb3 8. axb3 Nxd5 9. 0-0 Be7 10. Ne4 0-0 11. Nbd2 Nf4 12. Nf3 Bd7 13. Nxe5 Bg5 14. Nxd7 Qxd7 15. Nxg5 Qf5 16. Bxf4 Qxf4 17. Nf3 Rfe8 18. Re1 Rxe1+ 19. Qxe1 Qf6 20. Rxa7 Qd8 21. Rxa8 Qxa8 22. h3 h6 23. c4 bxc4 24. bxc4 Qb8 25. b4 f6 26. b5 Qb6 27. d4 c6 28. Qe8+ Kh7 29. Qxc6 Qb8 30. b6 1-0

[Event "Mecklenburg VP-ch U16"]
[Site "Malchow"]
[Date "2009.02.07"]
[Round "2.6"]
[White "Vu, Uyen My"]
[Black "Ehrhardt, Max"]
[Result "1/2-1/2"]
[WhiteElo "1085"]
[BlackElo "1125"]
[PlyCount "120"]
[EventDate "2009.02.07"]
[EventType "swiss"]
[EventRounds "7"]
[EventCountry "GER"]
[SourceTitle "EXT 2022"]
[Source "ChessBase"]
[SourceDate "2021.10.06"]
[SourceVersion "1"]
[SourceVersionDate "2021.10.06"]
[SourceQuality "1"]

1. e4 c5 2. Nf3 d6 3. d4 cxd4 4. Nxd4 Nf6 5. Nc3 a6 6. Be2 g6 7. 0-0 Bg7 8. Bg5 Bd7 9. Nf3 Nc6 10. Bc4 b5 11. Bd5 Nxd5 12. Qxd5 Qc8 13. Rfe1 Be6 14. Qd2 h6 15. Bf4 g5 16. Nd5 Bxd5 17. exd5 gxf4 18. dxc6 Qxc6 19. Nd4 Bxd4 20. Qxd4 Rg8 21. f3 e5 22. Qd3 Ke7 23. Red1 Rac8 24. Rd2 Qc5+ 25. Kh1 Rg6 26. Qe4 Rc6 27. Rc1 Qb6 28. c3 Rc4 29. Qd5 Rc5 30. Qe4 Rc4 31. Qd5 Qc6 32. Qxc6 Rxc6 33. a3 a5 34. Rd5 Rb6 35. b4 axb4 36. cxb4 Rg8 37. Rc7+ Ke6 38. Rd3 Ra8 39. Rdc3 h5 40. Rc8 Rxc8 41. Rxc8 Kf6 42. Ra8 Rc6 43. Kg1 Rb6 44. Kf2 d5 45. Ke2 Kf5 46. Kd3 f6 47. h4 e4+ 48. Kd4 e3 49. a4 bxa4 50. Rxa4 e2 51. Ra1 Rxb4+ 52. Kxd5 Rb3 53. Re1 Re3 54. Kd4 Kg6 55. Kc4 Kf5 56. Kd4 Ke6 57. Kc5 Ke5 58. Kc4 Kd6 59. Kd4 Kc6 60. Kc4 Kd6 1/2-1/2

[Event "GER-chT U14 Girls"]
[Site "Stuttgart"]
[Date "2007.12.28"]
[Round "4.3"]
[White "Vu, Uyen My"]
[Black "Jentsch, Jasmin"]
[Result "1-0"]
[WhiteElo "847"]
[BlackElo "1053"]
[PlyCount "145"]
[EventDate "2007.12.27"]
[EventType "team-swiss"]
[EventRounds "7"]
[EventCountry "GER"]
[SourceTitle "EXT 2009"]
[Source "ChessBase"]
[SourceDate "2008.11.26"]
[SourceVersion "1"]
[SourceVersionDate "2008.11.26"]
[SourceQuality "1"]
[WhiteTeam "Gryps SV U14 Girls"]
[BlackTeam "Fritzdorf Gruen Weiss U14 Girls"]
[WhiteTeamCountry "GER"]
[BlackTeamCountry "GER"]

1. e4 e5 2. Nf3 Nc6 3. Nc3 Nf6 4. Bb5 Bb4 5. 0-0 0-0 6. d3 d6 7. Bg5 h6 8. Be3 Bd7 9. Nd5 Nxd5 10. exd5 Ne7 11. Bc4 c6 12. a3 Ba5 13. b4 Bb6 14. Bxb6 Qxb6 15. dxc6 Bxc6 16. d4 Bxf3 17. Qxf3 exd4 18. Rfe1 Qc6 19. Bb3 Qxf3 20. gxf3 Rfe8 21. Re4 Nf5 22. Bd5 Rxe4 23. fxe4 Ne7 24. Bxb7 Rb8 25. Ba6 d5 26. Z0 dxe4 27. b5 Nd5 28. Rd1 Nc7 29. Rxd4 Nxb5 30. Rb4 Rd8 31. Bxb5 Rd1+ 32. Bf1 Rd2 33. c4 Ra2 34. Rb3 Kf8 35. Rc3 Ke8 36. c5 Kd8 37. c6 Kc7 38. Bb5 Ra1+ 39. Kg2 f5 40. Rc5 Rxa3 41. Rd5 a6 42. Rd7+ Kc8 43. Bc4 Rc3 44. Bxa6+ Kb8 45. c7+ Rxc7 46. Rd8+ Ka7 47. Rc8 Re7 48. Bb5 f4 49. Rd8 Re5 50. Rd7+ Kb6 51. Bf1 Rg5+ 52. Kh1 Kc5 53. Rb7 e3 54. Rb5+ Kd4 55. Rxg5 hxg5 56. Kg2 g4 57. f3 e2 58. Bxe2 Ke3 59. Bd1 g3 60. hxg3 g5 61. gxf4 Kxf4 62. Kh3 Kf5 63. Kg3 Kg6 64. Kg4 Kf6 65. Bc2 Kf7 66. Kxg5 Kg7 67. f4 Kf7 68. f5 Kg7 69. Bb3 Kf8 70. f6 Ke8 71. f7+ Ke7 72. Kg6 Kf8 73. Bc4 1-0

[Event "GER-chT U14 Girls"]
[Site "Stuttgart"]
[Date "2007.12.27"]
[Round "2.3"]
[White "Vu, Uyen My"]
[Black "Mehlhaff, Christina"]
[Result "1-0"]
[WhiteElo "847"]
[BlackElo "729"]
[PlyCount "73"]
[EventDate "2007.12.27"]
[EventType "team-swiss"]
[EventRounds "7"]
[EventCountry "GER"]
[SourceTitle "EXT 2009"]
[Source "ChessBase"]
[SourceDate "2008.11.26"]
[SourceVersion "1"]
[SourceVersionDate "2008.11.26"]
[SourceQuality "1"]
[WhiteTeam "Gryps SV U14 Girls"]
[BlackTeam "Heumaden U14 Girls"]
[WhiteTeamCountry "GER"]
[BlackTeamCountry "GER"]

1. e4 e5 2. Nf3 Nf6 3. Nc3 Nc6 4. Bb5 a6 5. Be2 Bc5 6. Nxe5 Nxe5 7. d4 Bxd4 8. Qxd4 Qe7 9. Bd1 Nc6 10. Qe3 d6 11. 0-0 0-0 12. Nd5 Qe5 13. Bf3 Ng4 14. Qf4 Qd4 15. Bxg4 Bxg4 16. Qxg4 Rae8 17. Be3 Qxb2 18. Rab1 Qxc2 19. Nf6+ Kh8 20. Nxe8 Rxe8 21. Rxb7 Qxe4 22. Qd7 h6 23. Rxc7 Ne5 24. Qxe8+ Kh7 25. Rc8 Kg6 26. h3 Nf3+ 27. gxf3 Qxf3 28. Rfc1 Kh5 29. R1c4 g5 30. Qe4 Qd1+ 31. Kg2 d5 32. Qg4+ Qxg4+ 33. Rxg4 a5 34. Rg8 a4 35. Kg3 d4 36. Bxg5 d3 37. Rh4# 1-0

[Event "GER-chT U14 Girls"]
[Site "Burg Stargard"]
[Date "2006.12.28"]
[Round "3.2"]
[White "Lisson, Sandra"]
[Black "Vu, Uyen My"]
[Result "1-0"]
[WhiteElo "1024"]
[BlackElo "776"]
[PlyCount "63"]
[EventDate "2006.12.27"]
[EventType "team-swiss"]
[EventRounds "7"]
[EventCountry "GER"]
[SourceTitle "EXT 2008"]
[Source "ChessBase"]
[SourceDate "2007.11.25"]
[SourceVersion "1"]
[SourceVersionDate "2007.11.25"]
[SourceQuality "1"]
[WhiteTeam "Waltershausen U14 Girls"]
[BlackTeam "Gryps SV U14 Girls"]
[WhiteTeamCountry "GER"]
[BlackTeamCountry "GER"]

1. e4 e5 2. Nf3 Nc6 3. d4 exd4 4. c3 Nf6 5. e5 Ne4 6. cxd4 d5 7. Bd3 Bg4 8. Be2 Be7 9. 0-0 Qd7 10. Nc3 0-0-0 11. Qa4 Na5 12. Qxa5 f6 13. Qxa7 c6 14. Na4 Qc7 15. Nb6+ Qxb6 16. Qxb6 fxe5 17. h3 Bh5 18. Bd1 exd4 19. Bf4 Rd7 20. Ne5 Bc5 21. Qb3 Nd2 22. Bxd2 Re7 23. Bxh5 Rxe5 24. Bg4+ Kc7 25. Bf4 Bd6 26. Bxe5 Bxe5 27. a4 c5 28. Qb5 h5 29. Qxc5+ Kb8 30. Bf3 Rc8 31. Qxd5 Bf6 32. Qxb7# 1-0